Las Empresas multinacionales y el desarrollo

Gardado en:
Detalles Bibliográficos
Autor Principal: Granell, Francisco
Formato: Texto
Publicado: Barcelona: Ariel
Etiquetas: Engadir etiqueta
Sen Etiquetas, Sexa o primeiro en etiquetar este rexistro!

MARC

LEADER 00000 a a2200000 04500
001 23840
003
040
090 |a 168800  
100 |a Granell, Francisco  
245 |a Las Empresas multinacionales y el desarrollo  
260 |a Barcelona:   |b Ariel  
300 |a 271 p  
999 |c 13594  |d 13594